000 00461nam a2200157 i 4500
001 36525
003 ES-MaACL
005 20230906155403.0
007 t|
008 030218s1933 xxk ||||1| eng d
100 1 _aBryan, P. W.
_932248
245 1 0 _aMan's adaptation of nature
_b: studies of the cultural landscape /
_cby P. W. Bryan.
260 _aLondon :
_bUniversity Press,
_c1933.
300 _aXVII, 386 p. :
_bil. ;
_c23 cm.
852 _aES-MaACL
_jA-1667
999 _c36525
_d36525